[Event "ch-ISL 2012"]
[Site "Kopavogur ISL"]
[Date "2012.04.17"]
[Round "5"]
[Board "1"]
[White "Jensson, Einar Hjalti"]
[Black "Thorfinnsson, Bjorn"]
[Result "1-0"]
[BlackTitle "IM"]
[WhiteElo "2245"]
[BlackElo "2416"]
[WhiteFideId "2301067"]
[BlackFideId "2300982"]
[EventDate "2012.04.13"]

1. e4 e5 2. Nf3 Nc6 3. Bc4 Nf6 4. Ng5 Bc5 5. Bxf7+ Ke7 6. Bd5 d6 7. d3 Rf8 8.
Nf3 Nd4 9. Nxd4 Bxd4 10. f3 c6 11. Bb3 Qb6 12. Qe2 Bg1 13. Nd2 d5 14. Nf1 a5 15.
exd5 a4 16. d6+ Kxd6 17. Bc4 a3 18. c3 axb2 19. Qxb2 Qxb2 20. Bxb2 Bc5 21. Nd2
Be6 22. O-O-O Be3 23. Bb3 Nd5 24. Rhe1 Bf4 25. Re2 Bxh2 26. g3 1-0

[Event "ch-ISL 2012"]
[Site "Kopavogur ISL"]
[Date "2012.04.17"]
[Round "5"]
[Board "3"]
[White "Thorhallsson, Throstur"]
[Black "Gislason, Gudmundur"]
[Result "1/2-1/2"]
[WhiteTitle "GM"]
[WhiteElo "2398"]
[BlackElo "2346"]
[WhiteFideId "2300109"]
[BlackFideId "2300559"]
[EventDate "2012.04.13"]

1. e4 g6 2. d4 Bg7 3. Nc3 d6 4. f4 a6 5. Nf3 b5 6. Bd3 Nd7 7. e5 c5 8. Be4 Rb8
9. Be3 b4 10. Ne2 Qc7 11. O-O Nh6 12. h3 O-O 13. c3 bxc3 14. bxc3 Nb6 15. Ng3
Nc4 16. Qd3 Nxe3 17. Qxe3 cxd4 18. cxd4 Qa7 19. Rf2 Rd8 20. Rc1 Be6 21. Kh2 dxe5
22. fxe5 Qd7 23. Qa3 Nf5 24. Nxf5 Bxf5 25. Bxf5 Qxf5 26. Qe3 Qd7 27. Rfc2 Qd5
28. Qf4 f6 29. Re2 Rb4 30. Qe3 Rc4 31. Rce1 a5 32. Kh1 Rdc8 33. Qb3 a4 34. Qa3
R8c7 35. Qe3 Rc3 36. Qf4 fxe5 37. dxe5 R7c4 38. Re4 Bh6 39. Qxh6 Rxe4 40. Rb1
Rxf3 41. Rb8+ Kf7 42. Qxh7+ Ke6 43. Rb6+ Kxe5 44. Qxe7+ Kd4 45. Qb4+ Ke5 46.
Qe7+ Kd4 47. Qb4+ Ke5 48. Qe7+ Kd4 1/2-1/2

[Event "ch-ISL 2012"]
[Site "Kopavogur ISL"]
[Date "2012.04.17"]
[Round "5"]
[Board "5"]
[White "Kjartansson, Gudmundur"]
[Black "Thorfinnsson, Bragi"]
[Result "1/2-1/2"]
[WhiteTitle "IM"]
[BlackTitle "IM"]
[WhiteElo "2357"]
[BlackElo "2421"]
[WhiteFideId "2301318"]
[BlackFideId "2300958"]
[EventDate "2012.04.13"]

1. d4 Nf6 2. c4 e6 3. Nc3 Bb4 4. Qc2 c5 5. dxc5 O-O 6. a3 Bxc5 7. Nf3 Nc6 8. Bf4
Nh5 9. Bg5 f6 10. Bd2 f5 11. g3 e5 12. b4 Be7 13. b5 e4 14. bxc6 exf3 15. c7
Qxc7 16. Nd5 Qd8 17. exf3 Bc5 18. Bd3 d6 19. O-O Be6 20. Rfe1 Bxd5 21. cxd5 Rc8
22. Qb2 Rf7 23. Re6 Qc7 24. Rae1 Rcf8 25. Bg5 Nf6 26. Bxf5 Nxd5 27. Bg4 h6 28.
Bc1 Nf6 29. Bf5 Nd5 30. Bg4 Nf6 31. Bh3 Qa5 32. Qb3 Kh8 33. R6e2 Qb6 34. Qd3 Qc6
35. Be6 Re7 36. Bb2 Qe8 37. Bxf6 Rxf6 38. Bg8 Bxf2+ 39. Kxf2 Rxe2+ 40. Rxe2 Qxg8
41. Re7 Qa2+ 42. Qe2 Qb1 43. Re8+ Kh7 44. Qc4 Qf5 45. Qg8+ Kg6 46. Qb3 b5 47.
Kg2 h5 48. h3 h4 49. gxh4 d5 50. Rh8 1/2-1/2

[Event "ch-ISL 2012"]
[Site "Kopavogur ISL"]
[Date "2012.04.17"]
[Round "5"]
[Board "6"]
[White "Arngrimsson, Dagur"]
[Black "Stefansson, Hannes"]
[Result "1-0"]
[WhiteTitle "IM"]
[BlackTitle "GM"]
[WhiteElo "2361"]
[BlackElo "2531"]
[WhiteFideId "2301288"]
[BlackFideId "2300087"]
[EventDate "2012.04.13"]

1. d4 Nf6 2. c4 g6 3. Nc3 d5 4. Nf3 Bg7 5. Qb3 dxc4 6. Qxc4 O-O 7. e4 Na6 8. Be2
c5 9. d5 e6 10. O-O exd5 11. exd5 Bf5 12. Rd1 Qb6 13. Qh4 Rfe8 14. d6 Rad8 15.
Bb5 Re6 16. Bf4 h6 17. a4 Rdxd6 18. Rxd6 Rxd6 19. Bxd6 Qxd6 20. Rd1 Qb6 21. Ne5
Qc7 22. Nc4 Nb4 23. Ne3 Be6 24. Bc4 Bd7 25. Ned5 Nbxd5 26. Nxd5 Nxd5 27. Bxd5
Kf8 28. Qc4 Be8 29. b3 b6 30. Re1 Bd4 31. Qc1 Bg7 32. Qe3 Qd8 33. Qf3 Bf6 34.
Bc4 Bd4 35. Qf4 h5 36. h3 Bc3 37. Re3 Bf6 38. Rd3 Qe7 39. Re3 Qd8 40. Re1 Bc3
41. Re6 Qd1+ 42. Kh2 Qd4 43. Re4 Qd8 44. g3 Bf6 45. Re2 Bd4 46. h4 Bf6 47. Rd2
Bd4 48. Qh6+ 1-0

[Event "ch-ISL 2012"]
[Site "Kopavogur ISL"]
[Date "2012.04.18"]
[Round "6"]
[Board "1"]
[White "Thorfinnsson, Bjorn"]
[Black "Stefansson, Hannes"]
[Result "1-0"]
[WhiteTitle "IM"]
[BlackTitle "GM"]
[WhiteElo "2416"]
[BlackElo "2531"]
[WhiteFideId "2300982"]
[BlackFideId "2300087"]
[EventDate "2012.04.13"]

1. d4 Nf6 2. c4 e6 3. Nc3 Bb4 4. Qc2 O-O 5. a3 Bxc3+ 6. Qxc3 b6 7. Bg5 Bb7 8. e3
d6 9. Ne2 Nbd7 10. Qc2 c5 11. Rd1 Qe7 12. Nc3 cxd4 13. Rxd4 Rfd8 14. Be2 h6 15.
Bh4 e5 16. Rd2 g5 17. Bg3 Bxg2 18. Rg1 Bh3 19. f4 exf4 20. Bxf4 Ne5 21. Rg3 Qe6
22. Nd5 Ng6 23. Nc7 Qc8 24. Rxd6 Rxd6 25. Bxd6 Bf5 26. Bd3 Bxd3 27. Qxd3 Qb7 28.
Nxa8 Qxa8 29. Rg1 Nh4 30. Rf1 Ng4 31. Kd1 Qg2 32. Kc1 Nxe3 33. Re1 Nef5 34. Bg3
Kg7 35. b4 Qa2 36. Be5+ Kg6 37. Re2 1-0

[Event "ch-ISL 2012"]
[Site "Kopavogur ISL"]
[Date "2012.04.18"]
[Round "6"]
[Board "2"]
[White "Thorfinnsson, Bragi"]
[Black "Arngrimsson, Dagur"]
[Result "1/2-1/2"]
[WhiteTitle "IM"]
[BlackTitle "IM"]
[WhiteElo "2421"]
[BlackElo "2361"]
[WhiteFideId "2300958"]
[BlackFideId "2301288"]
[EventDate "2012.04.13"]

1. d4 d5 2. c4 c6 3. Nc3 Nf6 4. e3 g6 5. Nf3 Bg7 6. Be2 O-O 7. O-O Nbd7 8. Qc2
dxc4 9. Bxc4 Nb6 10. Bb3 Bf5 11. Qe2 Nbd5 12. Ng5 Nxc3 13. bxc3 Ne4 14. Nxe4
Bxe4 15. f3 Bd5 16. c4 Be6 17. Ba3 Re8 18. Rad1 Qa5 19. Bb2 b5 20. d5 cxd5 21.
cxd5 Bd7 22. Bxg7 Kxg7 23. Qb2+ Kg8 24. Qd4 Rac8 25. e4 Qa3 26. e5 e6 27. dxe6
Bxe6 28. Rd3 Qe7 1/2-1/2

[Event "ch-ISL 2012"]
[Site "Kopavogur ISL"]
[Date "2012.04.18"]
[Round "6"]
[Board "3"]
[White "Kristjansson, Stefan"]
[Black "Kjartansson, Gudmundur"]
[Result "1-0"]
[WhiteTitle "GM"]
[BlackTitle "IM"]
[WhiteElo "2500"]
[BlackElo "2357"]
[WhiteFideId "2301172"]
[BlackFideId "2301318"]
[EventDate "2012.04.13"]

1. e4 e5 2. Nf3 Nf6 3. Nc3 Nc6 4. Bb5 Bc5 5. Nxe5 Nxe5 6. d4 Bd6 7. dxe5 Bxe5 8.
O-O O-O 9. Bd3 h6 10. f4 Bd4+ 11. Kh1 d6 12. Qf3 Re8 13. h3 Bd7 14. Ne2 Bb6 15.
Bd2 Bc6 16. Ng3 d5 17. e5 Ne4 18. Rad1 Nxd2 19. Rxd2 Bc5 20. Qg4 Bf8 21. Re2 Bd7
22. Qf3 c6 23. f5 Qg5 24. e6 Bc8 25. Rfe1 Be7 26. exf7+ Kxf7 27. f6 gxf6 28. Re5
Qg7 29. Nh5 Qh8 30. Bg6+ Kxg6 31. Rxe7 Rxe7 32. Rxe7 f5 33. Nf4+ 1-0

[Event "ch-ISL 2012"]
[Site "Kopavogur ISL"]
[Date "2012.04.18"]
[Round "6"]
[Board "5"]
[White "Danielsen, Henrik"]
[Black "Thorhallsson, Throstur"]
[Result "1/2-1/2"]
[WhiteTitle "GM"]
[BlackTitle "GM"]
[WhiteElo "2504"]
[BlackElo "2398"]
[WhiteFideId "1400185"]
[BlackFideId "2300109"]
[EventDate "2012.04.13"]

1. d4 e6 2. c3 c5 3. Bf4 Nc6 4. e3 Nf6 5. Nd2 cxd4 6. exd4 Be7 7. Ngf3 O-O 8.
Bd3 d6 9. Qe2 b6 10. h3 Bb7 11. O-O Re8 12. Rfe1 Bf8 13. Bg5 Be7 14. Bf4 Bf8 15.
Bg5 Be7 16. Bf4 1/2-1/2

[Event "ch-ISL 2012"]
[Site "Kopavogur ISL"]
[Date "2012.04.18"]
[Round "6"]
[Board "6"]
[White "Jensson, Einar Hjalti"]
[Black "Kjartansson, David"]
[Result "1/2-1/2"]
[BlackTitle "FM"]
[WhiteElo "2245"]
[BlackElo "2305"]
[WhiteFideId "2301067"]
[BlackFideId "2301130"]
[EventDate "2012.04.13"]

1. d4 d5 2. c4 dxc4 3. Nf3 Nf6 4. e3 Bg4 5. Bxc4 e6 6. Nc3 Nbd7 7. h3 Bh5 8. O-O
a6 9. Be2 Bg6 10. b3 Bd6 11. Bb2 O-O 12. Rc1 Qe7 13. Nh4 Rfe8 14. Nxg6 hxg6 15.
e4 e5 16. d5 Nh7 17. Bg4 Rad8 18. Nb1 Rf8 19. Qd3 Nc5 20. Qc2 Nxe4 21. Qxe4 f5
22. Qc4 fxg4 23. Qxg4 g5 24. Rfe1 Rde8 25. Nd2 Qf7 26. Qf3 Qg6 27. Qe4 Qh6 28.
Qe3 Nf6 29. Ne4 Nxe4 30. Qxe4 Rf4 31. Qe3 e4 32. f3 g4 33. fxg4 Ref8 34. Re2 b6
35. Bd4 Qg6 36. Rd1 Qf7 37. Qc1 Ba3 38. Qa1 Bd6 39. Be3 Rf6 40. Bd4 Rf4 41. Qc1 1/2-1/2

[Event "ch-ISL 2012"]
[Site "Kopavogur ISL"]
[Date "2012.04.19"]
[Round "7"]
[Board "1"]
[White "Kjartansson, David"]
[Black "Thorfinnsson, Bjorn"]
[Result "1-0"]
[WhiteTitle "FM"]
[BlackTitle "IM"]
[WhiteElo "2305"]
[BlackElo "2416"]
[WhiteFideId "2301130"]
[BlackFideId "2300982"]
[EventDate "2012.04.13"]

1. e4 e5 2. Nf3 Nc6 3. Bb5 a6 4. Ba4 Nge7 5. c3 g6 6. h4 Bg7 7. h5 h6 8. hxg6
Nxg6 9. d4 b5 10. Bc2 d6 11. Be3 Bg4 12. d5 Nce7 13. Nbd2 Nf4 14. Rh2 Neg6 15.
g3 Nh3 16. Qb1 h5 17. Bd1 Bd7 18. Qd3 h4 19. Be2 Bf6 20. O-O-O Qe7 21. Rdh1 hxg3
22. fxg3 O-O-O 23. a4 Ng5 24. Nh4 Nxh4 25. gxh4 Nh7 26. Nb3 Nf8 27. axb5 axb5
28. Na5 Qe8 29. c4 c5 30. dxc6 Bxc6 31. cxb5 Bb7 32. Bg4+ Ne6 33. Rc2+ Kb8 34.
Bxe6 Qxe6 35. Qa3 Rc8 36. Nc6+ Kc7 37. Nd4+ Kd7 38. Nxe6 Rxc2+ 39. Kxc2 Bxe4+
40. Kd2 Bxh1 41. Ng5 Bxg5 42. Bxg5 Bd5 43. Qa7+ 1-0

[Event "ch-ISL 2012"]
[Site "Kopavogur ISL"]
[Date "2012.04.19"]
[Round "7"]
[Board "2"]
[White "Thorhallsson, Throstur"]
[Black "Jensson, Einar Hjalti"]
[Result "1-0"]
[WhiteTitle "GM"]
[WhiteElo "2398"]
[BlackElo "2245"]
[WhiteFideId "2300109"]
[BlackFideId "2301067"]
[EventDate "2012.04.13"]

1. e4 e5 2. Bc4 Nf6 3. d3 Bc5 4. Nf3 Nc6 5. c3 d6 6. Nbd2 O-O 7. Bb3 Be6 8. O-O
d5 9. Qe2 Re8 10. Ng5 Bg4 11. Ndf3 Bh5 12. exd5 Nxd5 13. Qe4 Nf6 14. Qc4 Qe7 15.
Be3 Bd6 16. Bd1 a6 17. Nh4 h6 18. Ne4 Nxe4 19. Bxh5 Nf6 20. Bf3 e4 21. dxe4 Ne5
22. Qe2 Nxe4 23. Nf5 Nxf3+ 24. Qxf3 Qe5 25. g3 Bc5 26. Rfe1 Qf6 27. Nxh6+ gxh6
28. Qxf6 Nxf6 29. Bxc5 Kh7 30. Rad1 Kg6 31. Be7 Ng8 32. Rd7 Rac8 33. Kf1 h5 34.
h3 b5 35. Re2 c5 36. Bh4 Rxe2 37. Kxe2 Rc6 38. Bd8 Nh6 39. Kd3 f6 40. Bc7 Re6
41. b3 Nf5 42. Bf4 h4 43. g4 c4+ 44. Kd2 cxb3 45. axb3 Ne7 46. Bd6 Nc6 47. f4 f5
48. g5 b4 49. cxb4 Nd4 50. Kd3 Re4 51. Be5 Nf3 52. Rd6+ Kh7 53. g6+ Kh6 54. g7+
Kh7 55. Rh6+ Kxh6 56. g8=Q Ne1+ 57. Kc3 1-0

[Event "ch-ISL 2012"]
[Site "Kopavogur ISL"]
[Date "2012.04.19"]
[Round "7"]
[Board "3"]
[White "Bjornsson, Sigurbjorn"]
[Black "Danielsen, Henrik"]
[Result "0-1"]
[WhiteTitle "FM"]
[BlackTitle "GM"]
[WhiteElo "2393"]
[BlackElo "2504"]
[WhiteFideId "2300974"]
[BlackFideId "1400185"]
[EventDate "2012.04.13"]

1. e4 d6 2. d4 Nf6 3. Nc3 g6 4. Be3 c6 5. Qd2 b5 6. Bd3 Nbd7 7. a4 b4 8. Nce2
Qa5 9. c3 bxc3 10. bxc3 Bg7 11. Nf3 O-O 12. O-O Ba6 13. h3 Rab8 14. Bxa6 Qxa6
15. Ng3 Rb3 16. e5 Nd5 17. Bh6 dxe5 18. dxe5 Nc5 19. Rfc1 Qd3 20. Bxg7 Kxg7 21.
c4 Qxd2 22. Nxd2 Nf4 23. Nxb3 Nxb3 24. Rab1 Nxc1 25. Rxc1 Nd3 26. Rb1 Nc5 27.
Nf1 Rd8 28. Ne3 Rd7 29. a5 Rb7 30. Rd1 Rb8 31. g3 Kf8 32. Rd2 Ke8 33. Ra2 Nd3
34. f4 Rb3 35. Nc2 c5 36. Ra3 Rb1+ 37. Kg2 Rb2 38. Rxd3 Rxc2+ 39. Kf3 Rxc4 40.
Rd5 h5 41. h4 Rc3+ 42. Ke4 a6 43. Rd2 Ra3 44. Rb2 e6 45. f5 Ra4+ 46. Kf3 exf5
47. Rb6 Rxa5 48. Kf4 Ra4+ 49. Kg5 Ke7 0-1

[Event "ch-ISL 2012"]
[Site "Kopavogur ISL"]
[Date "2012.04.19"]
[Round "7"]
[Board "4"]
[White "Kjartansson, Gudmundur"]
[Black "Gislason, Gudmundur"]
[Result "1-0"]
[WhiteTitle "IM"]
[WhiteElo "2357"]
[BlackElo "2346"]
[WhiteFideId "2301318"]
[BlackFideId "2300559"]
[EventDate "2012.04.13"]

1. d4 Nf6 2. c4 g6 3. Nc3 d5 4. Nf3 Bg7 5. Bf4 O-O 6. Rc1 Nc6 7. e3 a6 8. Be2
dxc4 9. Bxc4 b5 10. Be2 Bb7 11. Nd2 Nb4 12. O-O c5 13. dxc5 Rc8 14. Nb3 Nfd5 15.
Bf3 Ba8 16. Nxd5 Nxd5 17. Bg5 Rc7 18. Rc2 Rd7 19. Rd2 h6 20. Bh4 g5 21. Bg3 e6
22. c6 Bxc6 23. Nc5 Ra7 24. e4 Qb6 25. exd5 exd5 26. Nb3 Rd7 27. Nd4 Bb7 28. Nf5 1-0

[Event "ch-ISL 2012"]
[Site "Kopavogur ISL"]
[Date "2012.04.19"]
[Round "7"]
[Board "5"]
[White "Arngrimsson, Dagur"]
[Black "Kristjansson, Stefan"]
[Result "1-0"]
[WhiteTitle "IM"]
[BlackTitle "GM"]
[WhiteElo "2361"]
[BlackElo "2500"]
[WhiteFideId "2301288"]
[BlackFideId "2301172"]
[EventDate "2012.04.13"]

1. d4 Nf6 2. c4 e6 3. Nc3 Bb4 4. Bg5 b6 5. e4 h6 6. Bxf6 Qxf6 7. Ne2 Bb7 8. a3
Bxc3+ 9. Nxc3 Nc6 10. Nb5 O-O-O 11. d5 exd5 12. cxd5 Qxb2 13. Qc1 Qxc1+ 14. Rxc1
Na5 15. Nd6+ Kb8 16. Nxf7 Rhe8 17. Nxd8 Rxe4+ 18. Kd2 Nb3+ 19. Kc3 Nxc1 20. Nxb7
Re8 21. Bb5 Ne2+ 22. Kd2 Nf4 23. g3 Nxd5 24. Ba6 c6 25. Nd6 Re6 26. Re1 Rxe1 27.
Kxe1 b5 28. Ne8 Nc7 29. Nxc7 Kxc7 30. f4 Kb6 31. g4 Kxa6 32. g5 1-0

[Event "ch-ISL 2012"]
[Site "Kopavogur ISL"]
[Date "2012.04.20"]
[Round "8"]
[Board "1"]
[White "Thorfinnsson, Bjorn"]
[Black "Thorfinnsson, Bragi"]
[Result "0-1"]
[WhiteTitle "IM"]
[BlackTitle "IM"]
[WhiteElo "2416"]
[BlackElo "2421"]
[WhiteFideId "2300982"]
[BlackFideId "2300958"]
[EventDate "2012.04.13"]

1. c4 c5 2. g3 Nc6 3. Bg2 g6 4. Nf3 Bg7 5. O-O e5 6. Nc3 Nge7 7. d3 O-O 8. Bd2
d6 9. a3 h6 10. Qc1 Kh7 11. b4 cxb4 12. axb4 Nxb4 13. Ra4 Nbc6 14. Qa3 Be6 15.
Rb1 Qd7 16. Ne4 Rad8 17. c5 d5 18. Nd6 b6 19. Rb5 bxc5 20. Nb7 Rb8 21. Nxc5 Qd6
22. Nxe6 Qxa3 23. Rxa3 Rxb5 24. Nxf8+ Bxf8 25. Ra1 e4 26. Ne1 Bg7 27. Ra2 f5 28.
f3 exf3 29. Bxf3 a5 30. Kf2 Rb1 31. Nc2 Nb4 32. Nxb4 axb4 33. e3 b3 34. Ra7 b2
35. Rxe7 Rc1 36. Rb7 b1=Q 37. Rxb1 Rxb1 38. Bxd5 Rb2 39. Ke1 Be5 40. d4 Bd6 41.
e4 fxe4 42. Bxe4 Bb4 43. Bxb4 Rxb4 44. Kf2 Rxd4 45. Bb7 Rd2+ 46. Kg1 g5 47. Bf3
Kg6 48. Be4+ Kf6 49. Bb7 Ke5 50. Bf3 Kd4 51. Bc6 h5 52. Be8 h4 53. gxh4 gxh4 54.
Bd7 Ke3 55. Bg4 Kf4 56. h3 Kg3 57. Kf1 Rf2+ 58. Ke1 Rf4 59. Bd7 Kg2 60. Ke2 Re4+
61. Kd3 Re7 62. Bg4 Rg7 63. Bf5 Kf3 64. Kd2 Kf2 65. Kd3 Re7 66. Bg4 Re3+ 67. Kd2
Re4 68. Bf5 Rd4+ 69. Kc3 Ke3 70. Kc2 Kf4 71. Bg4 Kg3 72. Bf5 Kg2 73. Be6 Rd6 74.
Bf5 Kh2 75. Kc3 Kg2 76. Kc2 Rf6 77. Bd7 Rf7 78. Be6 Re7 0-1

[Event "ch-ISL 2012"]
[Site "Kopavogur ISL"]
[Date "2012.04.20"]
[Round "8"]
[Board "3"]
[White "Gislason, Gudmundur"]
[Black "Arngrimsson, Dagur"]
[Result "1/2-1/2"]
[BlackTitle "IM"]
[WhiteElo "2346"]
[BlackElo "2361"]
[WhiteFideId "2300559"]
[BlackFideId "2301288"]
[EventDate "2012.04.13"]

1. c4 e5 2. g3 d6 3. Bg2 Nc6 4. b3 g6 5. Bb2 Bg7 6. Nf3 Nge7 7. O-O O-O 8. d4 e4
9. Ne1 f5 10. e3 g5 11. Nc3 g4 12. Nc2 a6 13. h3 gxh3 14. Bxh3 Qe8 15. Ne2 Ng6
16. Kg2 Nd8 17. Rh1 Nf7 18. Kg1 Ng5 19. Bg2 b5 20. cxb5 axb5 21. Nf4 Bb7 22. Qc1
Nxf4 23. exf4 Nf3+ 24. Bxf3 exf3 25. Ne3 Rf7 26. Rh5 Be4 27. d5 Bxb2 28. Qxb2
Rg7 29. Rh6 Rg6 30. Rxg6+ hxg6 31. Qc3 Qd7 32. Qf6 Qf7 33. Qxf7+ Kxf7 34. a4 Ke7
35. a5 b4 36. a6 Ra7 37. Ra4 Kd7 38. Kh2 Bd3 39. Kh3 Rxa6 40. Rxa6 Bxa6 41. Kh4
Ke7 42. Kg5 Kf7 43. Nc2 Be2 44. Nxb4 Bd1 45. Na6 Bxb3 46. Nxc7 Bc4 47. g4 fxg4
48. Kxg4 Ke7 49. Kg5 Bd3 50. Ne6 Be4 51. Nd4 Kf7 52. Nb5 Bxd5 53. Nxd6+ Kg7 54.
Ne8+ Kf7 55. Nf6 Bc6 56. Ng4 Kg7 57. Ne5 Be4 58. Kg4 Kf6 59. Nxf3 Bf5+ 60. Kg3
Bc8 61. Nh2 g5 62. Ng4+ Kf5 63. Ne3+ Kg6 64. Nc4 gxf4+ 65. Kxf4 Bh3 66. Ne5+ Kg7
67. Kg5 Bc8 68. Nc4 Be6 69. Ne3 Bd7 70. Nf5+ Kf7 71. Kf4 Kf6 72. Nd6 Bh3 73.
Ne4+ Kg6 74. Ke5 Bf5 75. Nc3 Bg4 76. Nd5 Kf7 77. Ne3 Bf3 78. Nf5 Bd1 79. f4 Bc2
80. Nd6+ 1/2-1/2

[Event "ch-ISL 2012"]
[Site "Kopavogur ISL"]
[Date "2012.04.20"]
[Round "8"]
[Board "4"]
[White "Danielsen, Henrik"]
[Black "Kjartansson, Gudmundur"]
[Result "1/2-1/2"]
[WhiteTitle "GM"]
[BlackTitle "IM"]
[WhiteElo "2504"]
[BlackElo "2357"]
[WhiteFideId "1400185"]
[BlackFideId "2301318"]
[EventDate "2012.04.13"]

1. d4 Nf6 2. Nf3 g6 3. Bf4 Bg7 4. e3 O-O 5. Be2 c5 6. c3 cxd4 7. cxd4 Qb6 8. Qb3
Qxb3 9. axb3 d6 10. Nc3 Nc6 11. O-O Nh5 12. Bg3 Nxg3 13. hxg3 Bd7 14. Rfc1 Rfc8
15. Ne1 Kf8 16. Nd3 f5 17. b4 Nd8 18. Bf3 e6 19. b5 d5 20. Ra2 b6 21. Rca1 Rc7
22. Ra6 Rxc3 23. bxc3 Bxb5 24. Nf4 Bxa6 25. Rxa6 g5 26. Nh5 Nc6 27. g4 fxg4 28.
Bxg4 Re8 29. Bf3 Re7 30. e4 dxe4 31. Bxe4 Nb8 32. Ra3 Rc7 33. Kf1 Kg8 34. d5
exd5 35. Bxd5+ Kf8 36. c4 a5 37. Rf3+ Ke8 38. Rg3 h6 39. Re3+ Kd8 40. Re6 Bd4
41. Ng3 a4 42. Ne2 Bg7 43. Rxb6 Nd7 44. Ra6 Nc5 45. Ra8+ Rc8 46. Rxc8+ Kxc8 47.
Nc1 Kc7 48. g4 Kb6 49. Ke2 Bb2 50. Na2 Nd7 51. Kd3 Kc5 52. Kc2 Bd4 53. f3 Nb6
54. Be6 Nxc4 55. Kd3 Nd6 56. Bd7 a3 57. Be6 Bb2 58. Bb3 Nb5 59. Ke4 Nd4 60. Bf7
Ne2 61. Bg8 Nf4 62. Bf7 Ng2 63. Bg8 Bg7 64. Nc1 Bb2 65. Na2 Kd6 66. Bb3 Nf4 67.
Bc4 Ne6 68. Kf5 Nd4+ 69. Ke4 Nc6 70. Bg8 Ke7 71. Bd5 Ne5 72. Bb3 Nc6 73. Bd5 Ne5
74. Bb3 Kf6 75. Nb4 Ng6 76. Nd5+ Kg7 77. Nb4 Ne7 78. Be6 Bc3 79. Na2 Ba5 80. Bb3
Kf6 81. Bc4 Ng6 82. Bb3 Nf4 83. Bc4 Bd2 84. Bb3 Ne6 85. Bc4 Ba5 86. Nc1 Nc5+ 87.
Kd5 Nd7 88. Bb3 Ne5 89. Ke4 Bd2 90. Na2 Ng6 91. Kd3 Be1 92. Ke4 Nf4 93. Bc4 Nh3
94. Bf1 Nf2+ 95. Kd5 Nh1 96. Bb5 Ng3 97. Bd3 h5 98. gxh5 Nxh5 99. Bc2 Ba5 100.
Bb1 Nf4+ 101. Ke4 Bd2 102. Bc2 Ke6 103. Bb3+ Kd6 104. Bc4 Kc5 105. Bf7 Kc6 106.
Bg8 Kd6 107. Bb3 Ne6 108. Bc4 Nc5+ 109. Kf5 Nd7 110. Bb3 Bf4 111. Bc4 Ne5 112.
Be2 Kc5 113. Ke4 Kd6 114. Bf1 Ke6 115. Be2 Kf6 116. Bb5 Ke6 117. Bf1 Bd2 118.
Bb5 Kd6 119. Be2 Bf4 120. Kd4 Kc6 121. Nb4+ Kb6 122. Kc3 Bc1 123. Kc2 Kc5 124.
Na6+ Kd4 125. Kxc1 Ke3 126. Nc5 Kxe2 127. Ne4 Nc4 128. Kb1 Nd2+ 129. Ka2 Nxe4
130. fxe4 g4 131. e5 g3 132. e6 1/2-1/2

[Event "ch-ISL 2012"]
[Site "Kopavogur ISL"]
[Date "2012.04.20"]
[Round "8"]
[Board "6"]
[White "Kjartansson, David"]
[Black "Thorhallsson, Throstur"]
[Result "0-1"]
[WhiteTitle "FM"]
[BlackTitle "GM"]
[WhiteElo "2305"]
[BlackElo "2398"]
[WhiteFideId "2301130"]
[BlackFideId "2300109"]
[EventDate "2012.04.13"]

1. e4 e6 2. d4 d5 3. Nc3 Nf6 4. Bg5 dxe4 5. Nxe4 Be7 6. Bxf6 gxf6 7. Nf3 a6 8.
g3 b5 9. Bg2 Bb7 10. Qe2 Nd7 11. O-O O-O 12. c3 f5 13. Ned2 c5 14. Rfe1 Bf6 15.
Nb3 Qc7 16. Rad1 Rad8 17. Qe3 cxd4 18. Nbxd4 Nc5 19. Qh6 Bg7 20. Qh4 Ne4 21. Ng5
Nxg5 22. Qxg5 Bxg2 23. Kxg2 Rd5 24. Kg1 h6 25. Qe3 Rfd8 26. Nxe6 fxe6 27. Qxe6+
Qf7 28. Rxd5 Rxd5 29. Qxa6 Kh7 30. a4 Qd7 31. axb5 Rxb5 32. Qa4 Qd3 33. Qa6 Qd5
34. Qa3 Rb3 35. Qa1 Qb5 36. Qa7 Rxb2 37. Re7 Rb1+ 38. Kg2 Qf1+ 39. Kf3 Qh1+ 40.
Kf4 Qc1+ 41. Qe3 Qxe3+ 42. Rxe3 Kg6 43. g4 fxg4 44. Kxg4 Rb2 45. Kg3 Rc2 46. Kg2
Bxc3 47. h3 Bd4 48. Rf3 Be5 49. Re3 Bf4 50. Rb3 Kf5 51. Rb5+ Be5 52. Rb3 Bd4 53.
Rf3+ Ke4 54. Rf7 Rc6 55. Re7+ Be5 56. Re8 Rf6 57. Re7 Kf4 58. Rg7 Bd4 59. Rd7
Ke4 60. Re7+ Kd3 61. Kg3 Bxf2+ 62. Kg4 Be3 63. Rd7+ Ke2 64. h4 Kf2 65. Rb7 Rf4+
66. Kh3 h5 67. Rb2+ Kf3 68. Rb3 Rg4 69. Ra3 Rg1 70. Kh2 Re1 71. Rb3 Kg4 72. Rb4+
Bf4+ 73. Kg2 Re2+ 74. Kg1 Kg3 75. Kf1 Rc2 76. Rb3+ Kxh4 77. Kg1 Kg4 78. Ra3 Rc1+ 0-1

[Event "ch-ISL 2012"]
[Site "Kopavogur ISL"]
[Date "2012.04.21"]
[Round "9"]
[Board "1"]
[White "Thorhallsson, Throstur"]
[Black "Thorfinnsson, Bjorn"]
[Result "1/2-1/2"]
[WhiteTitle "GM"]
[BlackTitle "IM"]
[WhiteElo "2398"]
[BlackElo "2416"]
[WhiteFideId "2300109"]
[BlackFideId "2300982"]
[EventDate "2012.04.13"]

1. e4 e5 2. Nf3 Nf6 3. Nxe5 d6 4. Nf3 Nxe4 5. d4 d5 6. Bd3 Nc6 7. O-O Be7 8. c4
Nb4 9. cxd5 Nxd3 10. Qxd3 Qxd5 11. Re1 Bf5 12. Nc3 Nxc3 13. Qxc3 Kf8 14. Bf4 Bd6
15. Bxd6+ cxd6 16. Qa3 Kg8 17. Qxa7 Rc8 18. Rac1 g6 19. Rxc8+ Bxc8 20. h4 Kg7
21. Re7 h6 22. Qb6 Be6 23. a3 Rc8 24. Rc7 Rxc7 25. Qxc7 Bg4 26. Qc3 Qe4 27. Ne1
Bf5 28. g3 Kg8 29. Qd2 h5 30. f3 Qb1 31. Kf2 Kg7 32. Ng2 Bh3 33. Ne1 Bf5 34. Ke3
Kg8 35. Ke2 Kg7 36. Qc3 Kg8 37. Kd2 Kg7 38. Qb3 Be6 39. Qxb7 Qf5 40. Qb4 d5 41.
Qd6 Qh3 42. Qe5+ f6 43. Qe3 Kf7 44. Qf2 Bd7 45. Nd3 Qh1 46. Nc1 Bb5 47. b3 g5
48. a4 Ba6 49. Kc2 f5 50. Nd3 Bxd3+ 51. Kxd3 f4 52. hxg5 Qb1+ 53. Kc3 Qa1+ 54.
Kb4 fxg3 55. Qe3 g2 56. Qf4+ Kg8 57. Qb8+ Kf7 58. Qc7+ Kg6 59. Qc2+ Kg7 60. Qc7+
Kg6 61. Qc2+ Kg7 62. Qc7+ Kg6 1/2-1/2

[Event "ch-ISL 2012"]
[Site "Kopavogur ISL"]
[Date "2012.04.21"]
[Round "9"]
[Board "2"]
[White "Bjornsson, Sigurbjorn"]
[Black "Kjartansson, David"]
[Result "0-1"]
[WhiteTitle "FM"]
[BlackTitle "FM"]
[WhiteElo "2393"]
[BlackElo "2305"]
[WhiteFideId "2300974"]
[BlackFideId "2301130"]
[EventDate "2012.04.13"]

1. e4 c5 2. Nf3 Nc6 3. d4 cxd4 4. Nxd4 Nf6 5. Nc3 e5 6. Ndb5 d6 7. Nd5 Nxd5 8.
exd5 Nb8 9. c4 Be7 10. Be2 O-O 11. O-O a6 12. Nc3 f5 13. Qc2 Nd7 14. f4 exf4 15.
Bxf4 Ne5 16. Kh1 Bf6 17. b4 a5 18. a3 axb4 19. axb4 Rxa1 20. Rxa1 Qb6 21. Rb1
Ng6 22. Bd2 Be5 23. Nb5 Qf2 24. Be1 Qe3 25. Qd2 f4 26. Rd1 Bf5 27. c5 dxc5 28.
bxc5 Qxc5 29. Qa2 Kh8 30. d6 Bd7 31. Qd5 Qxd5 32. Rxd5 Bc6 33. Rd2 Rd8 34. Rd1
f3 35. gxf3 Nf4 0-1